Úloha auxínov v metabolizme vláknitých húb

Guardado en:
Detalles Bibliográficos
Autor principal: Hrabčáková, Denisa (Autor)
Otros Autores: Olejníková, Petra (Orientador)
Formato: Manuscrito Libro
Lenguaje:eslovaco
Publicado: 2019
Materias:
Acceso en línea:http://is.stuba.sk/zp/portal_zp.pl?podrobnosti=125856
Etiquetas: Agregar Etiqueta
Sin Etiquetas, Sea el primero en etiquetar este registro!

MARC

LEADER 00000ntm a22000003a 4500
001 stuzp73877
003 SK-STU
005 20190622211417.5
007 ta
008 150427s2015----xo-----f-mn---000-0-slo-d
040 |a STU  |b slo 
041 0 |a slo 
100 1 |a Hrabčáková, Denisa  |u 043000  |4 aut  |U FCHPT Fakulta chemickej a potravinárskej technológie  |T FCHPT Ústav biochémie a mikrobiológie  |X 81651  |U C3000  |Y 101  |7 81651 
242 0 1 |a The role of auxins in metabolism of filamentous fungi  |y eng 
245 1 0 |a Úloha auxínov v metabolizme vláknitých húb 
260 |c 2019 
650 4 |a auxíny  |2 slo 
650 4 |a kyselina indol-3-octová  |2 slo 
650 4 |a Neurospora crassa  |2 slo 
650 4 |a Neurospora crassa  |2 eng 
650 4 |a auxins  |2 eng 
650 4 |a indole-3-acetic acid  |2 eng 
700 1 |a Olejníková, Petra  |u 043000  |k Z1  |4 ths  |U FCHPT Fakulta chemickej a potravinárskej technológie  |T FCHPT Ústav biochémie a mikrobiológie  |X 3976  |U C3000  |Y 101  |7 A000003976 
856 4 |u http://is.stuba.sk/zp/portal_zp.pl?podrobnosti=125856